MyGZULibrary

Risk management in turbulent times / (Record no. 3225)

MARC details
000 -LEADER
fixed length control field 01913cam a2200325 a 4500
001 - CONTROL NUMBER
control field 16512060
003 - CONTROL NUMBER IDENTIFIER
control field GZU
005 - DATE AND TIME OF LATEST TRANSACTION
control field 20201123104636.0
008 - FIXED-LENGTH DATA ELEMENTS--GENERAL INFORMATION
fixed length control field 101021s2011 nyua b 001 0 eng
010 ## - LIBRARY OF CONGRESS CONTROL NUMBER
LC control number 2010043430
016 7# - NATIONAL BIBLIOGRAPHIC AGENCY CONTROL NUMBER
Record control number 015875500
Source Uk
020 ## - INTERNATIONAL STANDARD BOOK NUMBER
International Standard Book Number 9780199774081 (cloth : alk. paper)
020 ## - INTERNATIONAL STANDARD BOOK NUMBER
International Standard Book Number 0199774080 (cloth : alk. paper)
035 ## - SYSTEM CONTROL NUMBER
System control number (OCoLC)ocn671573389
040 ## - CATALOGING SOURCE
Original cataloging agency DLC
Transcribing agency DLC
Modifying agency YDX
-- YDXCP
-- BWX
-- UKMGB
-- CDX
-- MIX
-- DLC
050 00 - LIBRARY OF CONGRESS CALL NUMBER
Classification number HD 61
Item number .BEN 2011
082 00 - DEWEY DECIMAL CLASSIFICATION NUMBER
Classification number 658.15/5
Edition number 22
100 1# - MAIN ENTRY--PERSONAL NAME
Personal name Beneplanc, Gilles.
245 10 - TITLE STATEMENT
Title Risk management in turbulent times /
Statement of responsibility, etc. Gilles Bénéplanc, Jean-Charles Rochet.
260 ## - PUBLICATION, DISTRIBUTION, ETC.
Place of publication, distribution, etc. New York :
Name of publisher, distributor, etc. Oxford University Press,
Date of publication, distribution, etc. c2011.
300 ## - PHYSICAL DESCRIPTION
Extent ix, 212 p. :
Other physical details ill. ;
Dimensions 25 cm.
504 ## - BIBLIOGRAPHY, ETC. NOTE
Bibliography, etc. note Includes bibliographical references and index.
505 0# - FORMATTED CONTENTS NOTE
Formatted contents note Risk management : what must be changed -- Lessons from recent financial crises -- Living in turbulent times -- The need for a proper methodology -- What is behind risk modeling -- The basic tools of risk modeling -- Statistical risk measures -- Leverage and ruin theory -- The perfect markets hypothesis and its dangers -- Risk neutral valuation -- The case of incomplete markets : relating risk premiums to economic fundamentals -- Risk management in a normal world -- Risk management and shareholder value -- Why market imperfections matter for shareholder value -- The shareholder value function -- Risk management and the shareholder value function -- What to do in practice? -- The different steps of the implementation -- Learning from an example -- Conclusion : some simple messages.
650 #0 - SUBJECT ADDED ENTRY--TOPICAL TERM
Topical term or geographic name entry element Risk management.
650 #0 - SUBJECT ADDED ENTRY--TOPICAL TERM
Topical term or geographic name entry element Risk management
General subdivision Methodology.
700 1# - ADDED ENTRY--PERSONAL NAME
Personal name Rochet, Jean-Charles.
906 ## - LOCAL DATA ELEMENT F, LDF (RLIN)
a 7
b cbc
c orignew
d 1
e ecip
f 20
g y-gencatlg
942 ## - ADDED ENTRY ELEMENTS (KOHA)
Source of classification or shelving scheme Library of Congress Classification
Koha item type Books
Classification part 61
Item part BEN
Call number prefix HD
Holdings
Withdrawn status Lost status Damaged status Not for loan Collection code Home library Current library Shelving location Date acquired Total Checkouts Full call number Barcode Date last seen Copy number Price effective from Koha item type
        Non-fiction City Campus Library City Campus Library General Stacks 11/23/2020   HD 61 BEN 2011 002755 11/23/2020 c.1 11/23/2020 Books